MARC

LEADER 00000nam0a2200000 4500
001 279915
005 20231101235245.0
020 |a RU  |b 86-55192 
035 |a (RuTPU)RU\TPU\book\303220 
090 |a 279915 
100 |a 20141224d1986 k y0rusy5003 ca 
101 0 |a rus 
102 |a UA 
105 |a a z 001zy 
200 1 |a Физика молекулярных кристаллов  |e сборник научных трудов  |f Академия наук Украинской ССР (АН УССР), Институт физики (ИФ) ; под ред. М. Т. Шпака 
210 |a Киев  |c Наукова думка  |d 1986 
215 |a 259 с.  |c ил. 
320 |a Библиогр. в конце статей 
606 1 |a Кристаллы молекулярные  |x Физические свойства  |2 stltpush  |3 (RuTPU)RU\TPU\subj\80309  |9 88034 
610 1 |a молекулярные кристаллы 
610 1 |a спектры 
610 1 |a оптика 
610 1 |a спектроскопия 
610 1 |a твердые растворы 
675 |a 548.312  |v 4 
702 1 |a Шпак  |b М. Т.  |g Марат Терентьевич  |4 340 
712 0 2 |a Академия наук Украинской ССР (АН УССР)  |b Институт физики (ИФ)  |2 stltpush  |3 (RuTPU)RU\TPU\col\12595 
801 0 |a RU  |b RuMRKP  |c 19960705  |g psbo 
801 1 |a RU  |b 63413507  |c 20141224 
801 2 |a RU  |b 63413507  |c 20200818  |g RCR 
942 |c BK